01021nam a2200241Ia 4500001000700000003000500007005001700012008004100029010001100070040000900081100003300090245011000123260003300233300000700266502019400273650003600467650004300503650004200546700003900588700004600627700005200673856005400725Z_6515CHAP20231128141623.0220113s2010 xx 000 0 und d a169782 cCHAP aRivera Mejía, Luis Gonzalo aApreciación del seguro agropecuario a partir del ejercicio profesional /cLuis Gonzalo Rivera Mejía. aMéxico :bEl autor,c2010 aCD aTesis (Ingeniero Agrónomo Especialista en Zootecnia) -- UACh, 2010 \ Dirección: Pedro Arturo Martínez Hernández; asesoría: José Luis Zaragoza Ramírez y Enrique Cortés Díaz aHistoria del seguro en México aSeguro agrícolaxaspectos normativos aSeguro ganaderoxaspectos normativos. a Cortés Díaz, Enrique, asesor. a Zaragoza Ramírez, José Luis, asesor  aMartínez Hernández, Pedro Arturo, director 42uhttp://10.13.5.2/tesis/112643.pdfyDescaragar PDF